Calculus: (Record no. 9790)

MARC details
000 -LEADER
fixed length control field 00571nam a22001937a 4500
003 - CONTROL NUMBER IDENTIFIER
control field OSt
005 - DATE AND TIME OF LATEST TRANSACTION
control field 20260423045127.0
008 - FIXED-LENGTH DATA ELEMENTS--GENERAL INFORMATION
fixed length control field 260423b |||||||| |||| 00| 0 eng d
020 ## - INTERNATIONAL STANDARD BOOK NUMBER
International Standard Book Number 981-240-560-7
040 ## - CATALOGING SOURCE
Original cataloging agency DWC-Main lib.
Transcribing agency OC
082 ## - DEWEY DECIMAL CLASSIFICATION NUMBER
Edition number 2nd ed.
Classification number Circ. 515 St49c 2001
100 ## - MAIN ENTRY--PERSONAL NAME
Personal name Stewart, James
245 ## - TITLE STATEMENT
Title Calculus:
Statement of responsibility, etc. James Stewart
Remainder of title concepts and contexts/
260 ## - PUBLICATION, DISTRIBUTION, ETC.
Name of publisher, distributor, etc. Brook/Cole Thomson Learning,
Date of publication, distribution, etc. c2001.
300 ## - PHYSICAL DESCRIPTION
Extent xxiv 990 + A145 + 8 p. ;
Dimensions 25 cm.
504 ## - BIBLIOGRAPHY, ETC. NOTE
Bibliography, etc. note Include index.
760 ## - MAIN SERIES ENTRY
Edition 2nd ed.
942 ## - ADDED ENTRY ELEMENTS (KOHA)
Source of classification or shelving scheme Dewey Decimal Classification
Koha item type Book Circulation
Edition 2nd ed.
Classification part Circ.
Suppress in OPAC No
952 ## - LOCATION AND ITEM INFORMATION (KOHA)
--
952 ## - LOCATION AND ITEM INFORMATION (KOHA)
--
952 ## - LOCATION AND ITEM INFORMATION (KOHA)
--
Holdings
Withdrawn status Lost status Source of classification or shelving scheme Damaged status Not for loan Home library Current library Shelving location Date acquired Total Checkouts Full call number Barcode Date last seen Copy number Price effective from Koha item type Uniform Resource Identifier
    Dewey Decimal Classification     College Library College Library Circulation 04/23/2026   Circ. 515 St49c 2001 CL38546 04/23/2026 c1 04/23/2026 BK-CIRC
    Dewey Decimal Classification     College Library College Library Circulation 04/23/2026   Circ. 515 St49c 2001 CL38547 04/23/2026 c2 04/23/2026 BK-CIRC
    Dewey Decimal Classification     College Library College Library Circulation 04/23/2026   Circ. 515 St49c 2001 CL38599 04/23/2026 c3 04/23/2026 BK-CIRC